vufinder Bibliothèque Municipale de Charleval de Provence
Se connecter
« Retourner aux résultats de recherche

Figurants (Les)

théâtre

Book Cover
Auteur principal: Delphine de Vigan Auteur du texte
Support: Livres
Langue: Francais
Genre: Documentaire
Sujets:
Étiquettes: Ajouter
Pas de Tags !

LEADER 00972nam0a2200181 450
001 16848313
010 |a 978-2-07-308399-9  |b br.  |d 15 € 
100 |a 20240606d2024 u u0frey01 ba 
101 0 |a fre 
102 |a FR 
200 0 |a Figurants (Les)  |e théâtre  |f Delphine de Vigan 
207 1 |a   
215 |a 1 vol. (80 p.)  |d 19 x 12 cm 
330 |a Une journée dans la vie de cinq figurants sur le plateau de tournage d'un film. Certains font cela pour l'argent, d'autres pour percer dans le cinéma, d'autres encore pour le plaisir de changer d'identité. Cette expérience sert de révélateur aux personnages, qui se confient peu à peu sur leurs désirs, leurs peurs et leur besoin de prendre la lumière, le temps d'une prise. Electre 2024 
700 0 |a Vigan  |b Delphine de  |c Auteur du texte  |f 1966-....  |4 70 
900 |a Documentaire 
901 |a Accessible au prêt 
995 |a Bibliothèque  |c Bibliothèque  |f 00156012547519  |h 00156012547519  |k THE 840 VIG  |o p  |q a  |r az  |e Bibliothèque 

Options de recherche

Historique de recherche
Recherche avancée

Trouver plus

Nouveautés

Besoin d'aide ?

Contacter un bibliothécaire